[Event "European Club Cup"]
[Site "chess24.com"]
[Date "2018.10.16"]
[Round "5"]
[White "Kalogeris, Ioannis"]
[Black "Kaczmarczyk, Dennis"]
[Result "0-1"]
[Board "4"]
[WhiteElo "2351"]
[WhiteCountry "GRE"]
[WhiteFideId "4239563"]
[WhiteEloChange "-7"]
[BlackElo "2442"]
[BlackTitle "IM"]
[BlackCountry "GER"]
[BlackFideId "24608297"]
[BlackEloChange "4"]

1. e4 {[%clk 1:30:30]} e6 {[%clk 1:30:50]} 2. d4 {[%clk 1:30:50]} d5 {[%clk
1:30:50]} 3. Nc3 {[%clk 1:31:02]} Bb4 {[%clk 1:31:10]} 4. Ne2 {[%clk 1:31:04]}
dxe4 {[%clk 1:27:26]} 5. a3 {[%clk 1:31:06]} Be7 {[%clk 1:27:20]} 6. Nxe4 {[%clk
1:30:33]} Nd7 {[%clk 1:14:26]} 7. g3 {[%clk 1:23:23]} Ngf6 {[%clk 1:14:29]} 8.
Nxf6+ {[%clk 1:18:02]} Nxf6 {[%clk 1:14:32]} 9. Bg2 O-O {[%clk 1:14:32]} 10. O-O
Rb8 {[%clk 1:14:32]} 11. c4 b5 {[%clk 1:14:32]} 12. cxb5 Rxb5 {[%clk 1:14:32]}
13. Qa4 a6 {[%clk 1:14:32]} 14. Nc3 Rb6 {[%clk 1:14:32]} 15. Qc4 Bd7 {[%clk
1:14:32]} 16. Rd1 Bb5 {[%clk 1:14:32]} 17. Nxb5 axb5 {[%clk 1:14:32]} 18. Qc2 Qd7
{[%clk 1:14:32]} 19. Bd2 Rc8 {[%clk 1:14:32]} 20. Bb4 Bxb4 {[%clk 1:14:32]} 21.
axb4 Rd6 {[%clk 1:14:32]} 22. Qc5 c6 {[%clk 1:14:32]} 23. Ra7 Qd8 {[%clk
1:14:32]} 24. h3 h6 {[%clk 1:14:32]} 25. Bf3 Nd5 {[%clk 1:14:32]} 26. Rc1 Nf6
{[%clk 1:14:32]} 27. Rb7 Rxd4 {[%clk 1:14:32]} 28. Bxc6 Ne4 {[%clk 1:14:32]} 29.
Qe7 Qxe7 {[%clk 1:14:32]} 30. Rxe7 Rxb4 {[%clk 1:14:32]} 31. Rc2 Nf6 {[%clk
1:14:32]} 32. Rb7 g5 {[%clk 1:14:32]} 33. Kg2 Kf8 {[%clk 1:14:32]} 34. Rc5 Rxb2
{[%clk 1:14:32]} 35. Rcxb5 Rxb5 {[%clk 1:14:32]} 36. Bxb5 Rc3 {[%clk 1:14:32]}
37. Ra7 Kg7 {[%clk 1:14:32]} 38. Ra2 Nd5 {[%clk 1:14:32]} 39. Be2 Kg6 {[%clk
1:14:32]} 40. Bf3 Nf6 {[%clk 1:14:32]} 41. Ra5 Rc4 {[%clk 1:14:32]} 42. Ra3 Rd4
{[%clk 1:14:32]} 43. Re3 h5 {[%clk 1:14:32]} 44. Re5 h4 {[%clk 1:14:32]} 45. g4
Nd7 {[%clk 1:14:32]} 46. Re3 Kf6 {[%clk 1:14:08]} 47. Bc6 Ne5 {[%clk 1:10:09]}
48. Be4 Nc4 {[%clk 1:09:45]} 49. Re2 Nd6 {[%clk 1:09:13]} 50. Bc2 Ke7 {[%clk
1:06:08]} 51. Bb1 Rb4 {[%clk 1:06:08]} 52. Re1 Nb5 {[%clk 1:05:47]} 53. Be4 Nc3
{[%clk 1:05:58]} 54. Bf3 Kd6 {[%clk 1:04:15]} 55. Re3 Rc4 {[%clk 1:04:00]} 56.
Be2 Rc5 {[%clk 1:04:21]} 57. Bf3 Nb5 {[%clk 1:02:18]} 58. Rd3+ Ke7 {[%clk
1:02:39]} 59. Be4 Rc3 {[%clk 1:02:38]} 60. Rd2 Nd6 {[%clk 1:02:32]} 61. Re2 Ne8
{[%clk 1:01:04]} 62. Ra2 Nc7 {[%clk 1:01:16]} 63. Re2 Kf6 {[%clk 0:58:56]} 64.
Rd2 Rc5 {[%clk 0:58:57]} 65. Rd3 e5 {[%clk 0:58:57]} 66. Rf3+ Ke7 {[%clk
0:59:00]} 67. Ra3 Ne6 {[%clk 0:58:54]} 68. Ra7+ Kf6 {[%clk 0:58:30]} 69. Ra3 Nf4+
{[%clk 0:58:42]} 70. Kh2 Rb5 {[%clk 0:58:27]} 71. Ra6+ Kg7 {[%clk 0:58:40]} 72.
Ra3 Rb2 {[%clk 0:58:43]} 73. Kg1 Re2 {[%clk 0:58:43]} 74. Bg2 Rd2 {[%clk
0:57:16]} 75. Be4 Rd4 {[%clk 0:57:38]} 76. Bg2 Rd1+ {[%clk 0:56:11]} 77. Kh2 Rd2
{[%clk 0:56:31]} 78. Kg1 Nd3 {[%clk 0:56:42]} 79. Ra5 Rxf2 {[%clk 0:53:47]} 80.
Be4 Rd2 {[%clk 0:54:08]} 81. Rd5 Rd1+ {[%clk 0:54:29]} 82. Kh2 Rd2+ {[%clk
0:54:15]} 83. Kg1 Rd1+ {[%clk 0:54:15]} 84. Kh2 Nf2 {[%clk 0:54:15]} 85. Rxe5 f6
{[%clk 0:54:29]} 86. Rd5 Rxd5 {[%clk 0:54:05]} 87. Bxd5 Nd3 {[%clk 0:54:08]} 88.
Bc4 Nf4 {[%clk 0:54:08]} 89. Bf1 Kf7 {[%clk 0:54:29]} 90. Kg1 Ke6 {[%clk
0:54:50]} 91. Kf2 Ke5 {[%clk 0:54:50]} 92. Ke3 Nd5+ {[%clk 0:55:12]} 93. Kf3 Kd4
{[%clk 0:55:33]} 94. Be2 Nf4 {[%clk 0:55:28]} 95. Bf1 Nd3 {[%clk 0:54:19]} 96.
Be2 Ne5+ {[%clk 0:54:41]} 97. Kf2 Ke4 {[%clk 0:55:02]} 98. Ba6 Kf4 {[%clk
0:54:47]} 99. Be2 Nd7 {[%clk 0:54:24]} 100. Bd3 Nc5 {[%clk 0:54:28]} 101. Bc2 Ne6
{[%clk 0:54:13]} 102. Bb3 Nc5 {[%clk 0:53:41]} 103. Bc2 Ke5 {[%clk 0:52:50]} 104.
Bf5 Kd4 {[%clk 0:52:50]} 105. Ke2 Ne4 {[%clk 0:52:45]} 106. Kf3 Nc3 {[%clk
0:52:29]} 107. Be6 Kd3 {[%clk 0:52:42]} 108. Bf7 Kd2 {[%clk 0:52:38]} 109. Bc4
Nd1 {[%clk 0:52:43]} 110. Ba6 Ke1 {[%clk 0:52:55]} 111. Ke4 Nf2+ {[%clk 0:52:14]}
112. Kf5 Nxh3 {[%clk 0:52:36]} 113. Kxf6 Kf2 {[%clk 0:52:21]} 114. Kf5 Kg3 {[%clk
0:51:21]} 115. Bb7 Nf2 {[%clk 0:51:26]} 116. Kxg5 Nxg4 {[%clk 0:51:46]} 117. Kf5
h3 {[%clk 0:51:23]} 118. Ke4 h2 {[%clk 0:51:09]} 119. Kd3 Kf2 {[%clk 0:51:30]}
120. Kd2 Ne3 {[%clk 0:51:34]} 121. Bh1 Nf5 {[%clk 0:51:27]} 122. Ba8 Nh4 {[%clk
0:51:22]} 123. Bh1 Ng6 {[%clk 0:51:26]} 124. Kd1 Ne5 {[%clk 0:51:20]} 125. Kd2
Nc4+ {[%clk 0:51:33]} 126. Kd1 Kf1 {[%clk 0:49:51]} 0-1

[Event "European Club Cup"]
[Site "chess24.com"]
[Date "2018.10.16"]
[Round "5"]
[White "Schiendorfer, Emanuel"]
[Black "Papadimitriou, Athanasios"]
[Result "1/2-1/2"]
[Board "5"]
[WhiteElo "2310"]
[WhiteTitle "FM"]
[WhiteCountry "SUI"]
[WhiteFideId "1309889"]
[WhiteEloChange "-1"]
[BlackElo "2265"]
[BlackCountry "GRE"]
[BlackFideId "4213254"]
[BlackEloChange "1"]

1. d4 {[%clk 1:30:50]} d5 {[%clk 1:30:13]} 2. c4 {[%clk 1:31:11]} c6 {[%clk
1:30:11]} 3. Nc3 {[%clk 1:31:05]} Nf6 {[%clk 1:30:31]} 4. Nf3 {[%clk 1:31:09]}
dxc4 {[%clk 1:30:28]} 5. a4 {[%clk 1:31:00]} Bf5 {[%clk 1:30:16]} 6. e3 {[%clk
1:30:47]} e6 {[%clk 1:29:27]} 7. Bxc4 {[%clk 1:31:05]} Nbd7 {[%clk 1:28:36]} 8.
O-O {[%clk 1:30:02]} Bb4 {[%clk 1:26:59]} 9. Qe2 {[%clk 1:29:03]} Bg4 {[%clk
1:27:08]} 10. h3 {[%clk 1:28:35]} Bxf3 {[%clk 1:27:02]} 11. Qxf3 {[%clk 1:28:38]}
O-O {[%clk 1:27:22]} 12. Rd1 {[%clk 1:26:23]} Qa5 {[%clk 1:27:27]} 13. e4 {[%clk
1:19:58]} e5 {[%clk 1:27:37]} 14. d5 {[%clk 1:15:22]} Bxc3 {[%clk 1:27:08]} 15.
bxc3 {[%clk 1:12:02]} cxd5 {[%clk 1:27:03]} 16. Bxd5 {[%clk 1:08:07]} Nxd5 {[%clk
1:27:11]} 17. Rxd5 {[%clk 1:08:05]} Qc7 {[%clk 1:27:07]} 18. Ba3 {[%clk 1:02:38]}
Rfd8 {[%clk 1:03:16]} 19. Rad1 {[%clk 0:45:13]} Nf6 {[%clk 0:43:51]} 20. Rc5
{[%clk 0:41:27]} Rxd1+ {[%clk 0:27:41]} 21. Qxd1 {[%clk 0:41:53]} Qb8 {[%clk
0:27:57]} 22. f3 {[%clk 0:32:59]} h5 {[%clk 0:26:55]} 23. Qc1 {[%clk 0:26:37]}
Qe8 {[%clk 0:23:52]} 24. Rb5 {[%clk 0:25:42]} Rc8 {[%clk 0:20:46]} 25. Rxb7
{[%clk 0:14:35]} Qxa4 {[%clk 0:20:51]} 26. Be7 {[%clk 0:14:13]} Qc6 {[%clk
0:20:01]} 27. Qb2 {[%clk 0:13:00]} Qxc3 {[%clk 0:15:46]} 28. Qxc3 {[%clk
0:13:15]} Rxc3 {[%clk 0:16:11]} 29. Rxa7 {[%clk 0:08:28]} Rc6 {[%clk 0:13:14]}
30. Kh2 {[%clk 0:06:59]} h4 {[%clk 0:11:44]} 31. Ra5 {[%clk 0:05:19]} Re6 {[%clk
0:08:47]} 32. Bd8 {[%clk 0:04:51]} Kf8 {[%clk 0:06:13]} 33. Rb5 {[%clk 0:03:26]}
Ke8 {[%clk 0:04:54]} 34. Bxf6 {[%clk 0:03:49]} Rxf6 {[%clk 0:04:21]} 35. Rxe5+
{[%clk 0:04:13]} Kf8 {[%clk 0:04:37]} 36. Rh5 {[%clk 0:03:58]} Rf4 {[%clk
0:04:42]} 37. Rh8+ {[%clk 0:01:40]} Ke7 {[%clk 0:05:07]} 38. Kg1 {[%clk 0:01:42]}
Kf6 {[%clk 0:02:56]} 39. Kf2 {[%clk 0:01:54]} Kg5 {[%clk 0:01:38]} 40. Rg8 {[%clk
0:31:04]} g6 {[%clk 0:31:13]} 41. Ke3 {[%clk 0:25:34]} Rf6 {[%clk 0:29:12]} 42.
Rf8 {[%clk 0:24:41]} Kh6 {[%clk 0:27:18]} 43. Rh8+ {[%clk 0:24:28]} Kg5 {[%clk
0:27:42]} 44. Rh7 {[%clk 0:12:33]} Rf4 {[%clk 0:24:16]} 45. Kd4 {[%clk 0:11:43]}
Rf6 {[%clk 0:23:47]} 46. Kd5 {[%clk 0:11:11]} Rf4 {[%clk 0:18:27]} 47. Kd6 {[%clk
0:10:30]} f5 {[%clk 0:15:59]} 48. e5 {[%clk 0:07:31]} Rd4+ {[%clk 0:15:42]} 49.
Ke7 {[%clk 0:04:17]} Ra4 {[%clk 0:15:25]} 50. f4+ {[%clk 0:03:53]} Rxf4 {[%clk
0:15:22]} 51. Kf7 {[%clk 0:04:01]} Rf2 {[%clk 0:15:18]} 52. e6 {[%clk 0:02:01]}
Rxg2 {[%clk 0:15:27]} 53. e7 {[%clk 0:02:23]} Re2 {[%clk 0:15:53]} 54. e8Q {[%clk
0:01:46]} Rxe8 {[%clk 0:16:19]} 55. Kxe8 {[%clk 0:02:14]} Kf4 {[%clk 0:16:36]}
56. Rxh4+ {[%clk 0:01:44]} Kg3 {[%clk 0:17:05]} 57. Ra4 {[%clk 0:00:55]} f4
{[%clk 0:16:46]} 58. Kf7 {[%clk 0:00:53]} f3 {[%clk 0:16:54]} 59. Ra3 {[%clk
0:00:48]} g5 {[%clk 0:17:23]} 60. Kf6 {[%clk 0:01:07]} g4 {[%clk 0:17:36]} 61.
hxg4 {[%clk 0:00:42]} Kxg4 {[%clk 0:18:05]} 62. Ke5 {[%clk 0:00:40]} f2 {[%clk
0:17:52]} 63. Ra1 {[%clk 0:00:38]} Kf3 {[%clk 0:18:20]} 64. Kd4 {[%clk 0:00:44]}
Kg2 {[%clk 0:18:32]} 65. Ke3 {[%clk 0:00:54]} f1Q {[%clk 0:18:52]} 66. Rxf1
{[%clk 0:01:22]} Kxf1 {[%clk 0:19:15]} 1/2-1/2

[Event "European Club Cup"]
[Site "chess24.com"]
[Date "2018.10.16"]
[Round "5"]
[White "Ootes, Lars"]
[Black "Stojcevski, Zoran"]
[Result "1/2-1/2"]
[Board "4"]
[WhiteElo "2372"]
[WhiteTitle "IM"]
[WhiteCountry "NED"]
[WhiteFideId "1019708"]
[WhiteEloChange "-1"]
[BlackElo "2348"]
[BlackTitle "FM"]
[BlackCountry "MKD"]
[BlackFideId "15000192"]
[BlackEloChange "1"]

1. c4 {[%clk 1:30:55]} e5 {[%clk 1:27:56]} 2. Nc3 {[%clk 1:31:10]} f5 {[%clk
1:27:59]} 3. d4 {[%clk 1:29:31]} e4 {[%clk 1:27:47]} 4. g4 {[%clk 1:18:22]} Bb4
{[%clk 1:26:50]} 5. g5 {[%clk 1:00:21]} Nc6 {[%clk 1:15:10]} 6. Nh3 {[%clk
0:55:15]} d6 {[%clk 1:07:15]} 7. Nf4 {[%clk 0:38:01]} Bxc3+ {[%clk 0:59:38]} 8.
bxc3 {[%clk 0:38:26]} Nge7 {[%clk 0:49:20]} 9. e3 {[%clk 0:33:32]} Ng6 {[%clk
0:46:50]} 10. Qh5 {[%clk 0:25:21]} Ne7 {[%clk 0:46:56]} 11. c5 {[%clk 0:24:21]}
O-O {[%clk 0:40:59]} 12. cxd6 {[%clk 0:13:09]} cxd6 {[%clk 0:41:17]} 13. Bc4+
{[%clk 0:12:52]} d5 {[%clk 0:31:22]} 14. Bb3 {[%clk 0:13:20]} Nxf4 {[%clk
0:30:53]} 15. exf4 {[%clk 0:13:48]} Ng6 {[%clk 0:31:13]} 16. Rg1 {[%clk 0:10:26]}
Be6 {[%clk 0:30:34]} 17. Rg3 {[%clk 0:08:04]} Qc7 {[%clk 0:30:19]} 18. Rh3 {[%clk
0:07:05]} Kf7 {[%clk 0:30:16]} 19. Bd2 {[%clk 0:06:02]} b5 {[%clk 0:29:02]} 20.
Qe2 {[%clk 0:04:42]} a6 {[%clk 0:29:23]} 21. Qe3 {[%clk 0:03:53]} Qd6 {[%clk
0:25:42]} 22. Bd1 {[%clk 0:03:38]} Kg8 {[%clk 0:24:47]} 23. Kf1 {[%clk 0:03:14]}
Rfc8 {[%clk 0:24:40]} 24. Rg3 {[%clk 0:02:05]} Bd7 {[%clk 0:23:47]} 25. Rg1
{[%clk 0:01:38]} a5 {[%clk 0:22:57]} 26. Kg2 {[%clk 0:00:56]} b4 {[%clk 0:22:32]}
27. cxb4 {[%clk 0:01:08]} axb4 {[%clk 0:22:55]} 28. Kg3 {[%clk 0:01:19]} Ra3
{[%clk 0:19:00]} 29. Bb3 {[%clk 0:01:48]} Ba4 {[%clk 0:17:57]} 30. Rac1 {[%clk
0:01:41]} Ra8 {[%clk 0:17:12]} 31. Rc5 {[%clk 0:01:28]} Bxb3 {[%clk 0:17:19]} 32.
axb3 {[%clk 0:02:10]} Rb8 {[%clk 0:13:13]} 33. Rb1 {[%clk 0:01:59]} Nf8 {[%clk
0:13:20]} 34. Qe2 {[%clk 0:00:41]} Ne6 {[%clk 0:13:30]} 35. Rb5 {[%clk 0:01:08]}
Nxd4 {[%clk 0:12:46]} 36. Rxb8+ {[%clk 0:01:37]} Qxb8 {[%clk 0:13:08]} 37. Qd1
{[%clk 0:01:52]} Ne6 {[%clk 0:13:12]} 38. Rc1 {[%clk 0:01:50]} g6 {[%clk
0:07:49]} 39. Rc6 {[%clk 0:01:58]} Kf7 {[%clk 0:07:20]} 40. Be3 {[%clk 0:30:52]}
d4 {[%clk 0:33:02]} 41. Rxe6 {[%clk 0:27:39]} Kxe6 {[%clk 0:33:21]} 42. Qxd4
{[%clk 0:27:32]} Qd6 {[%clk 0:30:33]} 43. Qc4+ {[%clk 0:14:48]} Kd7 {[%clk
0:30:36]} 44. Qf7+ {[%clk 0:13:47]} Kc6 {[%clk 0:30:43]} 45. Qc4+ {[%clk
0:13:15]} Kd7 {[%clk 0:30:51]} 46. Qf7+ {[%clk 0:13:40]} Kc6 {[%clk 0:30:46]} 47.
Qc4+ {[%clk 0:14:08]} 1/2-1/2

[Event "European Club Cup"]
[Site "chess24.com"]
[Date "2018.10.16"]
[Round "5"]
[White "Lenaerts, Lennert"]
[Black "Roobol, Martin"]
[Result "1-0"]
[Board "5"]
[WhiteElo "2362"]
[WhiteTitle "FM"]
[WhiteCountry "BEL"]
[WhiteFideId "211435"]
[WhiteEloChange "7"]
[BlackElo "2243"]
[BlackTitle "FM"]
[BlackCountry "NED"]
[BlackFideId "1004468"]
[BlackEloChange "-7"]

1. d4 {[%clk 1:30:57]} Nf6 {[%clk 1:30:51]} 2. c4 {[%clk 1:31:00]} g6 {[%clk
1:31:13]} 3. Nc3 {[%clk 1:31:17]} Bg7 {[%clk 1:31:38]} 4. e4 {[%clk 1:31:43]} d6
{[%clk 1:32:03]} 5. h3 {[%clk 1:31:58]} O-O {[%clk 1:32:21]} 6. Be3 {[%clk
1:32:24]} Na6 {[%clk 1:30:42]} 7. Nf3 {[%clk 1:30:08]} e5 {[%clk 1:30:21]} 8. d5
{[%clk 1:30:31]} Nh5 {[%clk 1:29:43]} 9. a3 {[%clk 1:27:21]} Nc5 {[%clk 1:17:16]}
10. b4 {[%clk 1:22:20]} Nd7 {[%clk 1:17:14]} 11. c5 {[%clk 1:06:59]} f5 {[%clk
0:58:05]} 12. g4 {[%clk 0:37:09]} Nf4 {[%clk 0:47:23]} 13. g5 {[%clk 0:22:40]}
Rf7 {[%clk 0:38:53]} 14. cxd6 {[%clk 0:19:36]} cxd6 {[%clk 0:39:12]} 15. h4
{[%clk 0:17:09]} Nb6 {[%clk 0:32:57]} 16. Nd2 {[%clk 0:17:34]} Bd7 {[%clk
0:28:45]} 17. Qb3 {[%clk 0:16:34]} Rc8 {[%clk 0:23:18]} 18. a4 {[%clk 0:15:19]}
Be8 {[%clk 0:14:54]} 19. a5 {[%clk 0:14:55]} Rfc7 {[%clk 0:15:20]} 20. axb6
{[%clk 0:10:25]} Rxc3 {[%clk 0:15:40]} 21. Qxc3 {[%clk 0:10:51]} Rxc3 {[%clk
0:15:57]} 22. bxa7 {[%clk 0:11:20]} b5 {[%clk 0:05:15]} 23. Nc4 {[%clk 0:09:20]}
Rxc4 {[%clk 0:04:12]} 24. Bxc4 {[%clk 0:07:56]} Qa8 {[%clk 0:04:40]} 25. Bb3
{[%clk 0:08:19]} Bf8 {[%clk 0:04:05]} 26. Kd2 {[%clk 0:08:17]} fxe4 {[%clk
0:03:45]} 27. Rhc1 {[%clk 0:08:33]} Bf7 {[%clk 0:03:41]} 28. Rc8 {[%clk 0:05:46]}
Qxc8 {[%clk 0:04:08]} 29. a8Q {[%clk 0:06:08]} Qg4 {[%clk 0:04:34]} 30. Bd1
{[%clk 0:05:08]} Qxh4 {[%clk 0:04:36]} 31. Qd8 {[%clk 0:05:35]} Bxd5 {[%clk
0:04:46]} 32. Ra7 {[%clk 0:05:39]} Ne6 {[%clk 0:04:34]} 33. Qe8 {[%clk 0:05:11]}
Nd4 {[%clk 0:04:54]} 34. Rc7 {[%clk 0:04:18]} Nf5 {[%clk 0:04:34]} 35. Rc8 {[%clk
0:04:30]} 1-0

[Event "European Club Cup"]
[Site "chess24.com"]
[Date "2018.10.16"]
[Round "5"]
[White "Kazakovskiy, Valeriy"]
[Black "Makolli, Perparim"]
[Result "1-0"]
[Board "2"]
[WhiteElo "2405"]
[WhiteTitle "IM"]
[WhiteCountry "BLR"]
[WhiteFideId "13507443"]
[WhiteEloChange "3"]
[BlackElo "2284"]
[BlackTitle "FM"]
[BlackCountry "KOS"]
[BlackFideId "908630"]
[BlackEloChange "-7"]

1. d4 {[%clk 1:30:54]} d5 {[%clk 1:30:15]} 2. c4 {[%clk 1:31:09]} dxc4 {[%clk
1:30:34]} 3. Qa4+ {[%clk 1:31:22]} Nd7 {[%clk 1:28:03]} 4. Nf3 {[%clk 1:31:22]}
e6 {[%clk 1:27:05]} 5. Nc3 {[%clk 1:29:54]} Nf6 {[%clk 1:25:21]} 6. e4 {[%clk
1:29:50]} Be7 {[%clk 1:22:48]} 7. Bxc4 {[%clk 1:29:41]} O-O {[%clk 1:23:01]} 8.
Qc2 {[%clk 1:29:33]} c5 {[%clk 1:17:14]} 9. dxc5 {[%clk 1:29:41]} Nxc5 {[%clk
1:14:17]} 10. O-O {[%clk 1:24:53]} Qc7 {[%clk 0:57:37]} 11. e5 {[%clk 1:09:32]}
Nfd7 {[%clk 0:54:21]} 12. Nb5 {[%clk 1:05:39]} Qc6 {[%clk 0:50:38]} 13. Bg5
{[%clk 0:57:32]} Bxg5 {[%clk 0:47:03]} 14. Nxg5 {[%clk 0:57:43]} g6 {[%clk
0:47:32]} 15. Nd4 {[%clk 0:52:23]} Qb6 {[%clk 0:42:44]} 16. Rfe1 {[%clk 0:39:28]}
Qd8 {[%clk 0:36:29]} 17. Ngf3 {[%clk 0:32:36]} Nb6 {[%clk 0:34:47]} 18. Bf1
{[%clk 0:32:01]} Qe7 {[%clk 0:32:39]} 19. Rac1 {[%clk 0:31:31]} Na6 {[%clk
0:30:56]} 20. Qd2 {[%clk 0:24:48]} Kg7 {[%clk 0:25:36]} 21. Nb5 {[%clk 0:23:07]}
Nd5 {[%clk 0:20:01]} 22. Nd6 {[%clk 0:22:54]} Nab4 {[%clk 0:19:58]} 23. Bc4
{[%clk 0:22:30]} Nc6 {[%clk 0:16:15]} 24. Bxd5 {[%clk 0:21:31]} exd5 {[%clk
0:16:40]} 25. Qxd5 {[%clk 0:21:03]} Rd8 {[%clk 0:16:43]} 26. Qc5 {[%clk 0:19:17]}
Kg8 {[%clk 0:12:52]} 27. Nxc8 {[%clk 0:15:09]} Raxc8 {[%clk 0:11:58]} 28. Qxe7
{[%clk 0:14:56]} Nxe7 {[%clk 0:12:24]} 29. g3 {[%clk 0:14:12]} Rxc1 {[%clk
0:11:59]} 30. Rxc1 {[%clk 0:14:37]} Nc6 {[%clk 0:12:25]} 31. Re1 {[%clk 0:13:24]}
Kf8 {[%clk 0:12:35]} 32. Kg2 {[%clk 0:10:48]} Rd5 {[%clk 0:12:03]} 33. Re3 {[%clk
0:06:52]} Rb5 {[%clk 0:09:01]} 34. b3 {[%clk 0:04:56]} Ke7 {[%clk 0:09:15]} 35.
Re4 {[%clk 0:03:02]} h6 {[%clk 0:08:29]} 36. Rh4 {[%clk 0:02:49]} Nxe5 {[%clk
0:07:57]} 37. Rxh6 {[%clk 0:02:38]} Nxf3 {[%clk 0:08:10]} 38. Kxf3 {[%clk
0:03:00]} Ra5 {[%clk 0:08:33]} 39. a4 {[%clk 0:01:30]} b5 {[%clk 0:09:01]} 40.
Rh4 {[%clk 0:31:45]} Kf6 {[%clk 0:37:11]} 41. Rf4+ {[%clk 0:31:18]} Kg7 {[%clk
0:36:58]} 42. Ke3 {[%clk 0:28:47]} bxa4 {[%clk 0:36:34]} 43. bxa4 {[%clk
0:27:35]} Rc5 {[%clk 0:29:40]} 44. Kd4 {[%clk 0:20:39]} Rc2 {[%clk 0:29:04]} 45.
h4 {[%clk 0:19:54]} Rc1 {[%clk 0:25:12]} 46. Kd5 {[%clk 0:19:09]} a6 {[%clk
0:24:52]} 47. Rc4 {[%clk 0:18:07]} Rf1 {[%clk 0:24:43]} 48. Rf4 {[%clk 0:17:36]}
Rc1 {[%clk 0:25:07]} 49. Kd6 {[%clk 0:15:29]} Rc2 {[%clk 0:25:14]} 50. Kd5 {[%clk
0:14:30]} Rc1 {[%clk 0:25:37]} 51. Ke4 {[%clk 0:14:47]} Rc4+ {[%clk 0:22:50]} 52.
Kf3 {[%clk 0:15:11]} Rc3+ {[%clk 0:20:52]} 53. Kg2 {[%clk 0:15:28]} Rc1 {[%clk
0:19:30]} 54. Rd4 {[%clk 0:15:07]} Ra1 {[%clk 0:19:05]} 55. f3 {[%clk 0:13:02]}
Ra2+ {[%clk 0:15:59]} 56. Kh3 {[%clk 0:13:31]} Ra3 {[%clk 0:16:02]} 57. Kg4
{[%clk 0:13:37]} Kh6 {[%clk 0:14:58]} 58. Kf4 {[%clk 0:13:21]} Kg7 {[%clk
0:14:41]} 59. g4 {[%clk 0:12:57]} Ra1 {[%clk 0:14:30]} 60. Kg3 {[%clk 0:10:17]}
a5 {[%clk 0:12:47]} 61. Kf4 {[%clk 0:10:24]} Kf6 {[%clk 0:11:56]} 62. Ke4 {[%clk
0:08:39]} Re1+ {[%clk 0:10:50]} 63. Kd5 {[%clk 0:08:22]} Rb1 {[%clk 0:06:58]} 64.
Kc5 {[%clk 0:07:42]} Rb2 {[%clk 0:05:51]} 65. Rf4+ {[%clk 0:07:41]} Ke6 {[%clk
0:05:34]} 66. Re4+ {[%clk 0:06:16]} Kd7 {[%clk 0:05:47]} 67. g5 {[%clk 0:04:01]}
Rb3 {[%clk 0:05:40]} 68. f4 {[%clk 0:03:10]} Rb1 {[%clk 0:05:41]} 69. Kd5 {[%clk
0:02:27]} Rh1 {[%clk 0:05:52]} 70. Ke5 {[%clk 0:02:35]} Ke7 {[%clk 0:04:36]} 71.
f5 {[%clk 0:02:51]} gxf5 {[%clk 0:04:56]} 72. Kxf5+ {[%clk 0:03:10]} Kf8 {[%clk
0:05:24]} 73. Kg4 {[%clk 0:02:37]} Ra1 {[%clk 0:05:30]} 74. h5 {[%clk 0:02:42]}
Kg7 {[%clk 0:05:26]} 75. Kf5 {[%clk 0:02:56]} Rf1+ {[%clk 0:04:21]} 76. Rf4
{[%clk 0:03:15]} Re1 {[%clk 0:03:57]} 77. h6+ {[%clk 0:02:41]} Kg8 {[%clk
0:04:24]} 78. Rd4 {[%clk 0:02:19]} Rf1+ {[%clk 0:04:35]} 79. Ke5 {[%clk 0:02:21]}
Rg1 {[%clk 0:03:42]} 80. Kf5 {[%clk 0:01:52]} Rf1+ {[%clk 0:04:07]} 81. Rf4
{[%clk 0:01:58]} Re1 {[%clk 0:04:13]} 82. Rf3 {[%clk 0:01:31]} Ra1 {[%clk
0:04:18]} 83. Kf6 {[%clk 0:01:47]} Rh1 {[%clk 0:04:16]} 84. Rf5 {[%clk 0:01:56]}
1-0

[Event "European Club Cup"]
[Site "chess24.com"]
[Date "2018.10.16"]
[Round "5"]
[White "Risting, Eivind Olav"]
[Black "Michalczak, Thomas"]
[Result "0-1"]
[Board "5"]
[WhiteElo "2299"]
[WhiteTitle "FM"]
[WhiteCountry "NOR"]
[WhiteFideId "1517333"]
[WhiteEloChange "-14"]
[BlackElo "2160"]
[BlackTitle "FM"]
[BlackCountry "GER"]
[BlackFideId "4622634"]
[BlackEloChange "14"]

1. e4 {[%clk 1:30:54]} e5 {[%clk 1:30:50]} 2. Nf3 {[%clk 1:31:18]} Nc6 {[%clk
1:31:12]} 3. Bb5 {[%clk 1:31:41]} a6 {[%clk 1:31:37]} 4. Ba4 {[%clk 1:32:06]} Nf6
{[%clk 1:32:02]} 5. O-O {[%clk 1:32:19]} Be7 {[%clk 1:32:23]} 6. d3 {[%clk
1:32:35]} b5 {[%clk 1:32:29]} 7. Bb3 {[%clk 1:32:54]} O-O {[%clk 1:32:47]} 8. Nc3
{[%clk 1:32:55]} d6 {[%clk 1:32:18]} 9. a3 {[%clk 1:33:13]} Bg4 {[%clk 1:31:03]}
10. Be3 {[%clk 1:33:08]} Nd4 {[%clk 1:30:11]} 11. Bxd4 {[%clk 1:33:21]} exd4
{[%clk 1:30:34]} 12. Nd5 {[%clk 1:33:26]} Nxd5 {[%clk 1:28:55]} 13. Bxd5 {[%clk
1:33:46]} Rb8 {[%clk 1:29:20]} 14. a4 {[%clk 1:23:26]} b4 {[%clk 1:18:58]} 15. h3
{[%clk 1:02:44]} Bd7 {[%clk 0:55:37]} 16. Nxd4 {[%clk 0:34:48]} Bf6 {[%clk
0:55:56]} 17. c3 {[%clk 0:34:36]} Bxd4 {[%clk 0:56:16]} 18. cxd4 {[%clk 0:35:05]}
Qf6 {[%clk 0:56:35]} 19. Rc1 {[%clk 0:31:46]} Rfc8 {[%clk 0:53:52]} 20. Qb3
{[%clk 0:28:02]} c6 {[%clk 0:50:35]} 21. e5 {[%clk 0:24:51]} Qf4 {[%clk 0:42:53]}
22. g3 {[%clk 0:23:07]} Qf5 {[%clk 0:43:05]} 23. Be4 {[%clk 0:21:24]} Qxh3 {[%clk
0:43:04]} 24. exd6 {[%clk 0:20:20]} Qh6 {[%clk 0:43:00]} 25. Rc5 {[%clk 0:12:31]}
Qxd6 {[%clk 0:40:02]} 26. Bxh7+ {[%clk 0:11:50]} Kf8 {[%clk 0:40:25]} 27. Be4
{[%clk 0:09:09]} Qxd4 {[%clk 0:39:32]} 28. Rfc1 {[%clk 0:08:43]} Be6 {[%clk
0:39:15]} 29. Qc2 {[%clk 0:06:53]} b3 {[%clk 0:35:49]} 30. Qe2 {[%clk 0:06:54]}
Qxa4 {[%clk 0:20:54]} 31. Qh5 {[%clk 0:06:20]} Qd4 {[%clk 0:20:39]} 32. Re5
{[%clk 0:06:19]} Qxb2 {[%clk 0:19:35]} 33. Rcc5 {[%clk 0:04:23]} Qa1+ {[%clk
0:06:02]} 34. Kg2 {[%clk 0:04:33]} b2 {[%clk 0:06:17]} 35. Qh8+ {[%clk 0:00:43]}
Ke7 {[%clk 0:06:32]} 36. Qxg7 {[%clk 0:00:44]} b1Q {[%clk 0:06:30]} 37. Rxe6+
{[%clk 0:00:37]} Kxe6 {[%clk 0:06:49]} 38. Qh6+ {[%clk 0:00:34]} Qf6 {[%clk
0:04:58]} 39. Bf5+ {[%clk 0:00:34]} Ke7 {[%clk 0:05:20]} 40. Qe3+ {[%clk
0:30:36]} Kf8 {[%clk 0:34:35]} 41. Be4 {[%clk 0:24:44]} Rb5 {[%clk 0:33:55]} 42.
Rc1 {[%clk 0:23:41]} Qbb2 {[%clk 0:33:45]} 0-1